000 00669nam a2200229Ia 4500
003 OSt
005 20220918191950.0
006 a|||||r|||| 00| 0
007 ta
008 220917b |||||||| |||| 00| 0 eng d
024 _a66,223
037 _cTextual
040 _aARTS
_cARTS
_beng
041 _2eng
_aeng
082 _aR3xC57:9, K51
100 _aBambrough Renford ed
_976573
245 0 _aNew essays on Plato and Aristotle
260 _c1965
490 _aInternational library of philosophy and scientific method ed by A J Ayer and Bernard Williams
942 _hR3xC57:9, K51
_cTEXL
_2CC
999 _c192457
_d192457